| 000 | 00679nam a2200193 i 4500 | ||
|---|---|---|---|
| 001 | 34704 | ||
| 003 | ES-MaACL | ||
| 005 | 20230906155000.0 | ||
| 007 | t| | ||
| 008 | 030207s1918 xxu ||||1| eng d | ||
| 100 | 1 |
_aBoas, Franz. _929633 |
|
| 245 | 1 | 0 |
_aKutenai tales / _cby Franz Boas ; together with texts collected by Alexander Francis Chamberlain. |
| 260 |
_aWashington : _bGovernment Printing Office, _c1918. |
||
| 300 |
_aXII, 388 p. ; _c24 cm. |
||
| 500 | _aPrecede al tít.: Bureau of American Ethnology. | ||
| 700 | 1 |
_aChamberlain, Alexander Francis. _937846 |
|
| 710 | 2 |
_aSmithsonian Institution. _bBureau of American Ethnology. _96625 |
|
| 852 |
_aES-MaACL _jG-15410 |
||
| 999 |
_c34704 _d34704 |
||